[Event "AUTO-OPEN-2124"]
[Site "http://www.queenalice.com/game.php?id=842063"]
[Date "2010.10.5"]
[Round "1"]
[White "Claumann"]
[Black "theodorowicz"]
[Result "1-0"]
[WhiteElo "2001"]
[BlackElo "1557"]

1. d4 c6 2. Bf4 d6 3. Nc3 h6 4. e4 g6 5. Nf3 g5 6. Be3 a6 7. Bc4 b5 8. Bb3 a5 9.
a3 a4 10. Ba2 e6 11. O-O Be7 12. d5 e5 13. dxc6 Nxc6 14. Qd5 Bd7 15. Qxf7# 1-0

[Event "AUTO-OPEN-2124"]
[Site "http://www.queenalice.com/game.php?id=842064"]
[Date "2010.10.5"]
[Round "1"]
[White "theodorowicz"]
[Black "Claumann"]
[Result "0-1"]
[WhiteElo "1559"]
[BlackElo "1999"]

1. e4 c5 2. c3 Nc6 3. f4 d5 4. e5 Bf5 5. d3 e6 6. h3 Qh4+ 7. Ke2 c4 8. Nf3 cxd3+
9. Ke3 Bc5+ 10. Nd4 Rc8 11. g4 Nxd4 12. cxd4 Bxd4+ 13. Kd2 Qf2+ 14. Be2 Be3# 0-1

[Event "AUTO-OPEN-2124"]
[Site "http://www.queenalice.com/game.php?id=842065"]
[Date "2010.10.5"]
[Round "1"]
[White "Claumann"]
[Black "RodriguesL"]
[Result "1-0"]
[WhiteElo "2030"]
[BlackElo "1354"]

1. d4 d5 2. e4 e6 3. e5 Nc6 4. c3 Nge7 5. Bg5 f6 6. exf6 gxf6 7. Bxf6 Rg8 8.
Qh5+ Rg6 9. Bd3 Qd6 10. Ne2 Bd7 11. Bxg6+ hxg6 12. Qg5 O-O-O 13. Nd2 Kb8 14. Nf4
Re8 15. O-O-O Rc8 16. Rde1 1-0

[Event "AUTO-OPEN-2124"]
[Site "http://www.queenalice.com/game.php?id=842066"]
[Date "2010.10.5"]
[Round "1"]
[White "RodriguesL"]
[Black "Claumann"]
[Result "0-1"]
[WhiteElo "1352"]
[BlackElo "2032"]

1. e4 c5 2. d4 cxd4 3. Qxd4 Nc6 4. Qd1 Nf6 5. Nc3 e6 6. Nf3 Bb4 7. Bd2 O-O 8.
Qe2 d5 9. O-O-O Bxc3 10. Bxc3 Nxe4 11. Bd4 Nxd4 12. Nxd4 Qf6 13. Nb5 Nxf2 14.
Rg1 Nxd1 15. Qxd1 a6 16. Nc7 Qf4+ 0-1

[Event "Let's Play Chess!"]
[Site "http://www.queenalice.com/game.php?id=859344"]
[Date "2010.11.15"]
[Round "-"]
[White "luisclaumann"]
[Black "Claumann"]
[Result "1-0"]
[WhiteElo "2093"]
[BlackElo "2034"]

1. e4 e5 2. Nf3 Nf6 3. Nxe5 Qe7 4. Nf3 Qxe4+ 5. Be2 Nc6 6. Nc3 Qb4 7. a3 Qa5 8.
O-O Be7 9. d4 d6 10. d5 Nb4 11. Bc4 O-O 12. Rb1 Qc5 13. b3 Bf5 14. axb4 Qxb4 15.
Bd2 b5 16. Nxb5 Rab8 17. Bxb4 Bd7 18. Nfd4 Nxd5 19. Bxd5 Bxb5 20. Nxb5 Rxb5 21.
Bc3 Rc5 22. Qf3 c6 23. Bxc6 d5 24. Bxd5 h6 25. Bd4 Rxd5 26. Qxd5 Bf6 27. Bxf6 g6
28. Rbd1 Kh7 29. Rfe1 g5 30. Re5 g4 31. Qe4+ Kg8 32. Qxg4+ Kh7 33. Qg7# 1-0

[Event "AUTO-OPEN-2100"]
[Site "http://www.queenalice.com/game.php?id=873347"]
[Date "2010.12.18"]
[Round "2"]
[White "Claumann"]
[Black "gmvilela"]
[Result "1-0"]
[WhiteElo "2047"]
[BlackElo "2106"]

1. e4 c5 2. Nf3 Nc6 3. d4 cxd4 4. Nxd4 Nf6 5. Nc3 e5 6. Ndb5 d6 7. Bg5 a6 8. Na3
b5 9. Nd5 Be7 10. Nxe7 Nxe7 11. Bxf6 gxf6 12. c3 Bb7 13. Bd3 d5 14. Qe2 f5 15.
exf5 e4 16. Bc2 Qd7 17. f6 Ng6 18. f3 O-O 19. O-O exf3 20. Qxf3 d4 21. Qh5 Qd5
22. Qxd5 Bxd5 23. Rad1 Bxa2 24. Rxd4 Rfe8 25. b3 Rac8 26. Ra1 1-0

[Event "AUTO-OPEN-2100"]
[Site "http://www.queenalice.com/game.php?id=873348"]
[Date "2010.12.18"]
[Round "2"]
[White "gmvilela"]
[Black "Claumann"]
[Result "0-1"]
[WhiteElo "2135"]
[BlackElo "2121"]

1. e4 c5 2. Nc3 Nc6 3. g3 g6 4. Bg2 Bg7 5. Nge2 e6 6. O-O Nge7 7. d3 b6 8. Bf4
O-O 9. Qd2 Bb7 10. Bh6 d6 11. Bxg7 Kxg7 12. Rad1 Ba6 13. Rfe1 Qd7 14. d4 Rad8
15. dxc5 bxc5 16. Nf4 Qb7 17. b3 h6 18. Na4 e5 19. Nd5 Nxd5 20. Qxd5 Nd4 21.
Qxb7 Bxb7 22. c3 Nb5 23. Rd2 Bc6 24. Red1 Rb8 25. Rd3 f5 26. f3 fxe4 27. fxe4 c4
28. R3d2 cxb3 29. axb3 Bb7 30. Rd3 Rbc8 31. Nb2 Rxc3 32. Rxc3 Nxc3 33. Rxd6 Bxe4
34. Bxe4 Nxe4 35. Rd5 Ng5 36. Rd7+ Rf7 37. Rxf7+ Nxf7 38. Nc4 Kf6 39. Kf2 Ke6
40. Ke3 Nd6 41. Na5 Kd5 42. g4 Kc5 43. Kd3 e4+ 44. Ke3 Kb5 45. b4 Nc4+ 46. Nxc4
Kxc4 47. Kxe4 Kxb4 48. Ke5 a5 49. Kf6 a4 50. Kxg6 a3 51. Kxh6 a2 52. h4 a1=Q 53.
h5 Qf6+ 54. Kh7 Qg5 55. h6 Kc5 0-1

[Event "AUTO-OPEN-2214"]
[Site "http://www.queenalice.com/game.php?id=879644"]
[Date "2011.1.1"]
[Round "1"]
[White "arrabi"]
[Black "Claumann"]
[Result "0-1"]
[WhiteElo "1999"]
[BlackElo "2094"]

1. e4 c5 2. Bc4 Nc6 3. a4 e6 4. Nf3 d5 5. exd5 exd5 6. Ba2 Bg4 7. O-O Nf6 8. h3
Bh5 9. Qe1+ Be7 10. Ne5 Nd4 11. Na3 Be2 12. c3 Bxf1 13. Qxf1 Nc6 14. Qb5 Qc7 15.
Nxc6 bxc6 16. Qe2 O-O 17. d3 Rfe8 18. Qf3 Rab8 19. Nc2 Bd6 20. Bg5 Rxb2 21. Bxf6
Rxc2 22. Qg4 Bf8 23. g3 Qb7 24. Rb1 Rb2 25. Ra1 Rxa2 26. Rf1 Qb2 27. h4 Re1 28.
Qf5 Rxf1+ 29. Kxf1 Ra1+ 30. Kg2 Qb1 31. Kh3 Qf1+ 32. Kg4 g6 33. Qf4 Qe2+ 34. f3
Qe6+ 0-1

[Event "AUTO-OPEN-2214"]
[Site "http://www.queenalice.com/game.php?id=879645"]
[Date "2011.1.1"]
[Round "1"]
[White "Claumann"]
[Black "arrabi"]
[Result "1-0"]
[WhiteElo "2121"]
[BlackElo "1980"]

1. d4 d5 2. Nf3 Bg4 3. c4 Nf6 4. Ne5 Be6 5. Nc3 dxc4 6. e4 c6 7. a4 a6 8. Nxc4
g6 9. Be2 Bg7 10. O-O O-O 11. Bf4 b5 12. axb5 cxb5 13. Nxb5 Nxe4 14. Bc7 Qd5 15.
Nb6 Qb7 16. Nxa8 Qxa8 17. Nc3 Nxc3 18. bxc3 Qc6 19. Bxb8 Rxb8 20. Qd2 Bc8 21.
Rfb1 Bb7 22. Bf3 Qc7 23. Qb2 e5 24. Bxb7 exd4 25. cxd4 a5 26. g3 Bf8 27. Qb6
Qxb6 28. Rxb6 Bb4 29. Kg2 Kf8 30. Kf3 Ke7 31. Rc1 Kd7 32. Rb5 Kd6 33. Rc6+ Kd7
34. Rd5+ Ke7 35. Rc7+ Ke6 36. Rdd7 Bd6 37. d5+ Ke5 38. Rc4 f5 39. Rc6 Bb4 40.
Ke3 f4+ 41. gxf4+ Kf5 42. Kf3 Rf8 43. Bc8 1-0

[Event "AUTO-OPEN-2214"]
[Site "http://www.queenalice.com/game.php?id=879668"]
[Date "2011.1.1"]
[Round "1"]
[White "PlinioSalgado"]
[Black "Claumann"]
[Result "0-1"]
[WhiteElo "1908"]
[BlackElo "2026"]

1. e4 c5 2. c3 e6 3. d4 d5 4. exd5 Qxd5 5. Be3 cxd4 6. Qxd4 Qxd4 7. Bxd4 Nc6 8.
Bb5 Bd7 9. Be3 Ne5 10. Bxd7+ Kxd7 11. Ke2 Nc4 12. b4 Nxe3 13. Kxe3 a5 14. b5 Nf6
15. c4 Bc5+ 16. Ke2 Bd4 0-1

[Event "AUTO-OPEN-2214"]
[Site "http://www.queenalice.com/game.php?id=879669"]
[Date "2011.1.1"]
[Round "1"]
[White "Claumann"]
[Black "PlinioSalgado"]
[Result "1-0"]
[WhiteElo "2037"]
[BlackElo "1897"]

1. d4 Nf6 2. Bg5 d5 3. Bxf6 exf6 4. e3 Bd6 5. c4 dxc4 6. Bxc4 O-O 7. Nc3 a6 8.
Nf3 Nc6 9. O-O Bg4 10. Ne4 Na5 11. Bd3 b5 12. h3 Bh5 13. Rc1 Rc8 14. Nc5 Bxc5
15. Rxc5 Bxf3 16. Qxf3 Re8 17. Rfc1 Re6 18. Bf5 1-0

[Event "AUTO-OPEN-2214"]
[Site "http://www.queenalice.com/game.php?id=879684"]
[Date "2011.1.1"]
[Round "1"]
[White "Claumann"]
[Black "josekasparov"]
[Result "1/2-1/2"]
[WhiteElo "2105"]
[BlackElo "2315"]

1. e4 c5 2. Nf3 d6 3. Bb5+ Bd7 4. Bxd7+ Qxd7 5. O-O Nc6 6. c3 Nf6 7. Re1 g6 8.
d4 cxd4 9. cxd4 Bg7 10. d5 Nd8 11. Nc3 O-O 12. Be3 b6 13. Qd2 Nb7 14. Bh6 Nc5
15. Bxg7 Kxg7 16. b4 Na6 17. a3 Rac8 18. Rac1 Nc7 19. Nd4 e6 20. dxe6 Nxe6 21.
Ncb5 Rxc1 22. Qxc1 Rc8 23. Qb2 a6 24. Nxe6+ Qxe6 25. Nd4 Qe5 26. f3 Rc4 27. Rd1
Kg8 28. Qd2 d5 29. Qd3 b5 30. exd5 Nxd5 31. Nxb5 axb5 32. Qxd5 Qe3+ 33. Kf1 Qxa3
1/2-1/2

[Event "BRASIL 2000-2100"]
[Site "http://www.queenalice.com/game.php?id=906354"]
[Date "2011.2.27"]
[Round "1"]
[White "ribeiroBR"]
[Black "Claumann"]
[Result "0-1"]
[WhiteElo "1963"]
[BlackElo "2133"]

1. e4 c5 2. Nf3 Nc6 3. Nc3 d6 4. Bb5 a6 5. Bxc6+ bxc6 6. O-O e5 7. d3 Be7 8. Be3
Nf6 9. Ne2 O-O 10. c4 Rb8 11. b3 Ng4 12. Bd2 f5 13. h3 Nf6 14. Ng3 f4 15. Nh1
Qe8 16. Nh2 Qg6 17. Qf3 h5 18. Rad1 Nh7 19. g4 Ng5 20. Qg2 f3 21. Qg3 Nxe4 22.
dxe4 h4 23. Qxf3 Rxf3 24. Nxf3 Qxe4 25. Nh2 Qc2 26. Be3 Qxa2 27. Ra1 Qxb3 28.
Rab1 Qxb1 29. Rxb1 Rxb1+ 30. Kg2 a5 31. Nf1 a4 32. Nd2 a3 33. Nxb1 a2 34. Nd2
a1=Q 35. Nb3 Qd1 36. Nd2 Be6 0-1

[Event "AUTO-OPEN-2124"]
[Site "http://www.queenalice.com/game.php?id=932882"]
[Date "2011.5.2"]
[Round "2"]
[White "Claumann"]
[Black "luisclaumann"]
[Result "0-1"]
[WhiteElo "2140"]
[BlackElo "2217"]

1. e4 a6 2. Nf3 c6 3. Nc3 d5 4. d4 dxe4 5. Nxe4 Nf6 6. Bd3 Nxe4 7. Bxe4 Nd7 8.
O-O Nf6 9. Bd3 Bg4 10. h3 Bxf3 11. Qxf3 Qxd4 12. Rd1 Qh4 13. Re1 e6 14. c4 Rd8
15. Bd2 Bc5 16. Re2 Qd4 17. Bc2 Qxc4 18. Rc1 Qxa2 19. Bb3 Qxb2 20. Bh6 Qa3 21.
Rxc5 Qxc5 0-1

[Event "AUTO-OPEN-2124"]
[Site "http://www.queenalice.com/game.php?id=932883"]
[Date "2011.5.2"]
[Round "2"]
[White "luisclaumann"]
[Black "Claumann"]
[Result "1-0"]
[WhiteElo "2201"]
[BlackElo "2131"]

1. e4 c5 2. Nc3 Nc6 3. Nf3 g6 4. Bc4 Bg7 5. O-O d6 6. d3 Nf6 7. Bg5 O-O 8. h3
Na5 9. Bb3 Nxb3 10. axb3 Bd7 11. Qc1 e5 12. Nd2 Bc6 13. f4 Bb5 14. fxe5 d5 15.
exf6 Bh8 16. Nxb5 a5 17. exd5 1-0

[Event "BRASIL 2000-2100"]
[Site "http://www.queenalice.com/game.php?id=973753"]
[Date "2011.8.17"]
[Round "2"]
[White "Claumann"]
[Black "carobrod"]
[Result "1-0"]
[WhiteElo "2130"]
[BlackElo "2119"]

1. d4 g6 2. e4 Bg7 3. Nf3 d6 4. c3 Nd7 5. Bd3 e6 6. O-O Ne7 7. Bg5 O-O 8. Nbd2
b6 9. Qe2 Bb7 10. Ba6 Bxa6 11. Qxa6 f6 12. Bf4 g5 13. Bg3 h5 14. h3 h4 15. Bh2
Ng6 16. b3 Qe8 17. Rac1 Bh6 18. Rfe1 g4 19. hxg4 Nf4 20. Bxf4 Bxf4 21. Qc4 Rf7
22. Rc2 Rh7 23. d5 Ne5 24. Nxe5 Bxd2 25. Rxd2 fxe5 26. dxe6 Qe7 27. Re3 Rf8 28.
Rh3 a5 29. a3 Rf6 30. f3 Kf8 31. b4 axb4 32. axb4 Rxe6 33. Ra2 Qd8 34. Qxe6 c5
35. g5 Re7 36. Qf6+ 1-0